000 01223nam a22002777a 4500
003 OSt
005 20221213112448.0
007 cr ||||||a|c|a
008 221202b2021 mx |d||fom||| 001 0 spa d
040 _erda
100 1 _9185809
_aJiménez Alba, María Guadalupe
245 1 _aAnálisis de los determinantes del ahorro en los hogares mexicanos desde un enfoque de regresión cuantil /
_cpor María Guadalupe Jiménez Alba; director de tesis Bartolo de Jesús Villar Hernández
264 1 _aChapingo, México :
_bEl autor,
_c2021.
300 _a1 recurso en línea (70 páginas).
336 _2rdacontent
_atexto
_btxt
337 _2rdamedia
_acomputadora
_bc
338 _2rdacarrier
_arecurso en línea
_bcr
502 _bLE
_cDICEA
_d2021.
_gLIC
504 _aIncluye referencias bibliográficas: páginas 66-70
650 4 _9124665
_aPobreza
_vEstadísticas
_zMéxico
650 4 _976723
_aMéxico
_xCondiciones económicas
650 4 _935270
_aEconomía doméstica
_zMéxico
700 1 _9119536
_aVillar Hernández, Bartolo de Jesús
_eDirector de tesis
856 _uhttp://10.13.5.2/tesis/tl/2021_EA_Jimenez_Alba_MariaGuadalupe.pdf
_zDESCARGAR PDF
942 _2Clasificación Universidad Autónoma Chapingo
_cTD
999 _c217929
_d217929